Simulation
Saved in:
| Hovedforfatter: | |
|---|---|
| Format: | Bog |
| Sprog: | engelsk |
| Udgivet: |
San Diego
Academic
2002
|
| Udgivelse: | 3a. ed |
| Fag: | |
| Tags: |
Tilføj Tag
Ingen Tags, Vær først til at tagge denne postø!
|
MARC
| LEADER | 00000nam a2200000 a 4500 | ||
|---|---|---|---|
| 001 | UCJ8894 | ||
| 003 | CL-VaPUC | ||
| 008 | 070126e20020000US |||||||||||||||||eng|d | ||
| 020 | |a 0125980531 | ||
| 082 | 0 | 4 | |a 003.3 |b ROS |2 21 |
| 100 | 0 | |a Ross, Sheldon M |e author |9 518677 | |
| 245 | 1 | 0 | |a Simulation |
| 250 | |a 3a. ed | ||
| 300 | |a 274 p | ||
| 942 | |c BK | ||
| 945 | |d 20070126 00:00:00 |a cmena | ||
| 260 | |a San Diego |b Academic |c 2002 | ||
| 500 | |a Incluye Cd-Rom | ||
| 650 | 0 | |a Simulación por computador |9 260988 | |
| 650 | 0 | |a Programación orientada al objeto |9 387863 | |
| 650 | 0 | |a Estadística matemática |9 260028 | |
| 650 | 0 | |a Modelos matemáticos |9 259437 | |
| 650 | 0 | |a Software |9 387312 | |
| 583 | |a last modification |c 20070126 00:00:00 |k Rodrigo Vera | ||
| 999 | |c 324540 |d 324538 | ||
| 952 | |0 0 |1 0 |4 0 |6 003_300000000000000_ROS_2002 |7 0 |8 A |9 404793 |a BIBING |b BIBING |d 2019-11-22 |i 4313623 |o 003.3 ROS 2002 |p 4313623 |r 2024-01-25 |w 2019-11-22 |y BK |k EII | ||